Statistics for All Lil Peep Songs

Click here to take the quiz!

General Stats

  • This quiz has been taken 1,882 times
  • The average score is 57 of 151

Answer Stats

AlbumSong% Correct
CrybabyCrybaby
85%
HellboyHellboy
83%
Single #7Star Shopping
78%
Come Over When You're Sober, Pt. 1Benz Truck
74%
Castles IIWitchblades
74%
Come Over When You're Sober, Pt. 1Save That Sh*t
72%
California GirlsBeamer Boy
71%
Teen RomanceTeen Romance
71%
FeelzLife
68%
CastlesCastles
67%
FeelzFeelz
67%
CrybabyWhite Tee
67%
Come Over When You're Sober, Pt. 2Falling Down
66%
CrybabyGhost Girl
66%
Come Over When You're Sober, Pt. 1Awful Things
65%
CrybabyLil Jeep
64%
☆DEADBROKE☆WALK
64%
Lil Peep; Part OneGhost Boy
63%
Live ForeverNuts
63%
Come Over When You're Sober, Pt. 216 Lines
62%
Live ForeverLive Forever
61%
HellboyWalk Away as the Door Slams
60%
Come Over When You're Sober, Pt. 2Life Is Beautiful
59%
HellboyCobain
58%
HellboyGirls
58%
Single #8Gym Class
58%
CrybabyNineteen
58%
Come Over When You're Sober, Pt. 2Runaway
58%
Come Over When You're Sober, Pt. 2Sex with My Ex
58%
Come Over When You're Sober, Pt. 1The Brightside
58%
Come Over When You're Sober, Pt. 1U Said
57%
CastlesWhite Wine
57%
HellboyOMFG
55%
Castles IIYour Favorite Dress
55%
CrybabyAbsolute in Doubt
54%
Goth Angel SinnerBelgium
52%
CrybabyBig City Blues
52%
VertigoDrugz
52%
CrybabySkyscrapers [Love Now, Cry Later]
52%
Single #5Spotlight
52%
CrybabyYesterday
52%
HellboyF**ked Up
51%
Come Over When You're Sober, Pt. 1Better Off (Lying)
50%
Come Over When You're Sober, Pt. 2Broken Smile (My All)
50%
SingleKiss
49%
Come Over When You're Sober, Pt. 1Problems
49%
HellboyThe Song They Played (When I Crashed Into the Wall)
48%
HellboyNose Ring
47%
HellboyWorlds Away
47%
HellboyDrive-By
46%
CrybabyDriveway
46%
Come Over When You're Sober, Pt. 2Leanin'
46%
California GirlsLet Me Bleed
46%
Come Over When You're Sober, Pt. 2Cry Alone
45%
Live ForeverHaunt U
45%
Come Over When You're Sober, Pt. 2IDGAF
45%
California GirlsLiL Kennedy
45%
Come Over When You're Sober, Pt. 2White Girl
45%
California GirlsCalifornia World
44%
Goth Angel SinnerMoving On
44%
Goth Angel SinnerWhen I Lie
44%
Come Over When You're Sober, Pt. 2Fingers
43%
HellboyGucci Mane
42%
Come Over When You're Sober, Pt. 2Hate Me
42%
HellboyInterlude
42%
CastlesPain
41%
Castles IIPast the Castle Walls
41%
HellboyWe Think Too Much
41%
HellboyMove On, Be Strong
40%
Lil Peep; Part OneThe Way I See Things
40%
FeelzToxic City
39%
California GirlsBeat It
38%
Castles IIDying Out West
38%
Everybody's EverythingKeep My Coo
38%
Castles IINever Eat, Never Sleep
38%
HellboyRed Drop Shawty
38%
VertigoShiver
38%
HellboyThe Last Thing I Wanna Do
38%
Live Forever2008
37%
Live ForeverAngeldust
37%
GardenGarden
37%
Come Over When You're Sober, Pt. 2Sunlight on Your Skin
37%
Everybody's EverythingAquafina
36%
Everybody's EverythingLiar
36%
VertigoM.O.S. [Battery Full]
36%
Single #2Honestly
35%
California Girls | ELEMENTALPray I Die
35%
VertigoCome Around
33%
Live ForeverFlannel
33%
Everybody's EverythingI've Been Waiting
33%
Lil Peep; Part OnePraying to the Sky
33%
Single #64 Gold Chains
32%
Lil Peep; Part OneFive Degrees
32%
Live ForeverGive U the Moon
32%
Live ForeverVibe
32%
Live ForeverMirror, Mirror
31%
Lil Peep; Part OneVeins
31%
Single #4Avoid
30%
Everybody's EverythingFangirl
30%
Lil Peep; Part OneHigh School
29%
Everybody's EverythingLA to London
29%
☆DEADBROKE☆Rockstar
29%
Everybody's EverythingRatchets
28%
Live ForeverPick Me Up
26%
GardenPiss
25%
Teen RomanceSuck My Blood
24%
Garden420
23%
Lil Peep; Part OneIts Me
23%
Lil Peep; Part OneNothing to U
23%
Lil Peep; Part OneShame on U
22%
Lil Peep; Part OneAnother Song
20%
GardenBody
20%
CrybabyFalling 4 Me
20%
Everybody's EverythingRockstarz
20%
GardenCrystals
18%
Lil Peep; Part OneWanna Be
18%
Teen RomanceRegrets
17%
GardenSagginMyPants
17%
Romeo's RegretsWatch
14%
Mall MusiccGoth Queen
13%
Romeo's RegretsRepair
13%
Romeo's RegretsShelter
13%
Everybody's EverythingWalk Away as the Door Slams (Acoustic)
13%
Mall MusiccHot Topic
12%
Romeo's RegretsPoison
12%
Mall MusiccThe Day I Finally Do It
12%
In the Bedroom, I ConfessBoba On the Rocks
11%
Mall MusiccDead Money
11%
ELEMENTALDEATHWISH
11%
Mall MusiccShe Said
11%
In the Bedroom, I ConfessSwamp Theme
11%
Mall Musicc300 Feet Below
10%
Mall MusiccBacc At It
10%
In the Bedroom, I ConfessBlacked Out
10%
Mall MusiccCop Me an O
10%
Mall MusiccFucc Out My Face
10%
Mall MusiccHate My Fucc'n Life
10%
Mall MusiccI Could
10%
Mall MusiccIn Dis Empty Club
10%
In the Bedroom, I ConfessRide
10%
In the Bedroom, I ConfessWe'll Be Fine
10%
Mall MusiccWith U 'til the End
10%
Mall MusiccYung Dumb Goth
10%
Mall MusiccRaveyard Shift
9%
Mall MusiccThinking Bout You
9%
Mall MusiccDoubled Up
8%
Mall MusiccTurnin Up in the Back
8%
☆DEADBROKE☆SIXTEEN SWISHERS
7%
Single #3Nightslayer
6%
ELEMENTALFull Metal Saibot
3%

Score Distribution

Percentile by Number Answered

Percent of People with Each Score

Your Score History

You have not taken this quiz